000 00475nam a2200205Ia 4500
003 OSt
005 20230403141209.0
008 210423s2009 xx 000 0 und d
020 _a9780898716832
040 _cAL
041 _aeng
082 _a511.3 DRIT
_223
100 _aDRISCOLL (Tobin A).
_982595
245 _aLearning MATLAB.
260 _aUSA
_bSIAM
_c2009
300 _axiv,97
_bPB
365 _b1231
_cINR
906 _aLearning ; MATLAB.
942 _2ddc
_cBK
999 _c158596
_d158596